Prawdziwe Imiona FRIENDZ - Statystyki

Ogólne statystyki
  • Ten quiz został rozwiązany 52 razy
  • Średni wynik to 7 z 8
Statystyki odpowiedzi
Friendziak Odpowiedź % Poprawnych
Kinia Kinga Tymoszuk
98%
Daniel Daniel Czajewski
95%
Czajnik Sebastian Czajewski
95%
Justek Krzysztof Justyński
93%
Wera Weronika Grabowska
90%
Wika Wiktoria Grabowska
90%
Ostry Krystian Ronald
69%
Zwykły Maciej Szymczak
52%
Nie znaleziono quizów pasujących do podanych kryteriów
Rozkład punktacji
Procent ludzi z każdym wynikiem
Percentyl według liczby udzielonych odpowiedzi
Twoja historia wyników
Nie rozwiązałeś tego quizu